• 首页
  • 本馆介绍
  • 公告通知
  • 最新文献
  • 馆藏检索
  • 电子资源
  • 读者导购
  • 参考咨询
  • 我的图书馆
  • 登录
  • 详细信息显示
  • 放入我的书架
  • 预约/预借图书
  • 作者相关作品
  • 分类相关作品
  • 丛书相关作品
  • 出版社相关作品

书目信息

  • 表格格式
  • 工作单格式
  • 卡片格式
题名:
Java面向对象程序开发及实战
    
 
作者: 肖睿 , 崔雪炜 编
分册:  
出版信息:    2018.01
页数: 193页
开本: 20cm
丛书名:
单 册:
中图分类: TP312.8
科图分类:
主题词: 软件
电子资源:
ISBN:
000 00589nam0 2200193 450
001 2640513752
005 20260305112035.39
010    @dCNY36.00
100    @a20260305d2018 km y0chiy0120 ea
101 0  @achi
200 1  @aJava面向对象程序开发及实战@AJava Mian Xiang Dui Xiang Cheng Xu Kai Fa Ji Shi Zhan@f肖睿,崔雪炜编@FXiao Rui,Cui Xue Wei Bian
210    @d2018.01
215    @a193页@d20cm
606 0  @a软件
690    @aTP312.8@v4
701  0 @a肖睿@AXiao Rui@4编
701  0 @a崔雪炜@ACui Xue Wei@4编
801  0 @aCN@b大连网信软件有限公司图书馆·11@c20260305
905    @aZUCC@dTP312.8@e2200
    
    Java面向对象程序开发及实战/肖睿,崔雪炜编.-2018.01
    193页;20cm
    
    
    ISBN :CNY36.00
    
●
相关链接 在E读中查询图书 在五车中查询图书 在当当中查询图书 在豆瓣中查询图书


正题名:Java面向对象程序开发及实战     索取号:TP312.8/2200         预约/预借

序号 登录号 条形码 馆藏地/架位号 状态 备注
1 1442149   214421491   第二样本阅览室/ [索取号:TP312.8/2200] 在馆    
唐山师范学院图书馆 欢迎您!
大连网信软件有限公司© 版权所有